[Event "CAN-op"]
[Site "Ottawa CAN"]
[Date "2013.07.14"]
[Round "2"]
[White "De Kerpel, Stijn"]
[Black "Moradiabadi, Elshan"]
[Result "0-1"]
[WhiteElo "2157"]
[BlackElo "2551"]
[PlyCount "36"]
[GameId "2160767909313627"]
[EventDate "2013.07.13"]
[EventType "swiss"]
[EventRounds "9"]
[EventCountry "CAN"]
[SourceTitle "CBM 155 Extra"]
[Source "ChessBase"]
[SourceDate "2013.08.26"]
[SourceVersion "1"]
[SourceVersionDate "2013.08.26"]
[SourceQuality "1"]

1. e4 d6 2. Bc4 Nf6 3. d3 c6 4. Nc3 d5 5. exd5 cxd5 6. Bb5+ Bd7 7. Bxd7+ Nbxd7 8. Nf3 g6 9. O-O Bg7 10. Re1 O-O 11. Bg5 Re8 12. Qd2 Rc8 13. h3 Qb6 14. Rab1 e6 15. a3 a6 16. d4 Rc6 17. Qf4 Rec8 18. Re2 Rxc3 0-1

[Event "CAN-op"]
[Site "Ottawa CAN"]
[Date "2013.07.14"]
[Round "2"]
[White "Marinkovic, Mate"]
[Black "Short, Nigel"]
[Result "0-1"]
[WhiteElo "2132"]
[BlackElo "2688"]
[PlyCount "78"]
[GameId "2160767909313629"]
[EventDate "2013.07.13"]
[EventType "swiss"]
[EventRounds "9"]
[EventCountry "CAN"]
[SourceTitle "CBM 155 Extra"]
[Source "ChessBase"]
[SourceDate "2013.08.26"]
[SourceVersion "1"]
[SourceVersionDate "2013.08.26"]
[SourceQuality "1"]

1. c4 e5 2. g3 d6 3. Bg2 g6 4. Nc3 Bg7 5. e4 Nc6 6. Nge2 Nd4 7. Nxd4 exd4 8. Ne2 a5 9. d3 Ne7 10. O-O O-O 11. Nf4 Bd7 12. Re1 b5 13. b3 c5 14. e5 dxe5 15. Bxa8 Qxa8 16. Ng2 Nf5 17. f3 Bc6 18. Kf2 Rc8 19. Rg1 Nd6 20. Ba3 b4 21. Bb2 f5 22. a3 e4 23. Ne1 Qb7 24. Bc1 Nf7 25. axb4 axb4 26. fxe4 fxe4 27. dxe4 Nd6 28. Rf1 Nxe4+ 29. Kg1 d3 30. Be3 d2 31. Nd3 Qd7 32. Nxc5 Nxc5 33. Bxc5 Bxa1 34. Qxa1 Qh3 35. Rf2 Qh5 36. Rxd2 Qxc5+ 37. Qd4 Qe7 38. Rd1 Qe2 39. Qd2 Qf3 0-1

[Event "CAN-op"]
[Site "Ottawa CAN"]
[Date "2013.07.14"]
[Round "2"]
[White "Miller, Evgeny"]
[Black "Perelshteyn, Eugene"]
[Result "1/2-1/2"]
[WhiteElo "2272"]
[BlackElo "2513"]
[PlyCount "55"]
[GameId "2160767909313630"]
[EventDate "2013.07.13"]
[EventType "swiss"]
[EventRounds "9"]
[EventCountry "CAN"]
[SourceTitle "CBM 155 Extra"]
[Source "ChessBase"]
[SourceDate "2013.08.26"]
[SourceVersion "1"]
[SourceVersionDate "2013.08.26"]
[SourceQuality "1"]

1. e4 c5 2. c3 g6 3. d4 cxd4 4. cxd4 d5 5. Nc3 dxe4 6. Bc4 Nf6 7. Qb3 e6 8. d5 Qb6 9. Bb5+ Bd7 10. Be3 Bc5 11. Bxc5 Qxc5 12. dxe6 fxe6 13. Qxe6+ Qe7 14. Qxe7+ Kxe7 15. Nge2 Bxb5 16. Nxb5 Nc6 17. O-O Rhd8 18. Ng3 Rd2 19. Rab1 Kf7 20. Rfe1 Re8 21. Nc3 Rd4 22. Re2 Nb4 23. a3 Nd3 24. Nb5 Rd7 25. Nc3 Nf4 26. Ree1 Nd3 27. Re2 Nf4 28. Ree1 1/2-1/2

[Event "CAN-op"]
[Site "Ottawa CAN"]
[Date "2013.07.14"]
[Round "2"]
[White "Pacey, Kevin"]
[Black "Sokolov, Ivan"]
[Result "0-1"]
[WhiteElo "2179"]
[BlackElo "2650"]
[PlyCount "50"]
[GameId "2160767909313631"]
[EventDate "2013.07.13"]
[EventType "swiss"]
[EventRounds "9"]
[EventCountry "CAN"]
[SourceTitle "CBM 155 Extra"]
[Source "ChessBase"]
[SourceDate "2013.08.26"]
[SourceVersion "1"]
[SourceVersionDate "2013.08.26"]
[SourceQuality "1"]

1. d4 Nf6 2. c4 b6 3. Nf3 Bb7 4. g3 c5 5. d5 b5 6. Bg2 g6 7. O-O Bg7 8. d6 bxc4 9. Na3 e6 10. Nxc4 O-O 11. Bd2 Bd5 12. Ba5 Qc8 13. Ne3 Qa6 14. Bc7 Nc6 15. Nxd5 Nxd5 16. e4 Nxc7 17. dxc7 Nd4 18. e5 Nxf3+ 19. Bxf3 Rac8 20. Qxd7 Bxe5 21. Rfe1 Rxc7 22. Qd2 Bd4 23. Be2 Qb6 24. Rab1 c4 25. Qf4 e5 0-1

[Event "CAN-op"]
[Site "Ottawa CAN"]
[Date "2013.07.14"]
[Round "2"]
[White "Sambuev, Bator"]
[Black "Yu, Jonathan"]
[Result "1-0"]
[WhiteElo "2530"]
[BlackElo "1993"]
[PlyCount "83"]
[GameId "2160767909313633"]
[EventDate "2013.07.13"]
[EventType "swiss"]
[EventRounds "9"]
[EventCountry "CAN"]
[SourceTitle "CBM 155 Extra"]
[Source "ChessBase"]
[SourceDate "2013.08.26"]
[SourceVersion "1"]
[SourceVersionDate "2013.08.26"]
[SourceQuality "1"]

1. Nf3 e6 2. d4 Nf6 3. e3 c5 4. Bd3 d5 5. b3 Nc6 6. O-O Bd6 7. Bb2 cxd4 8. exd4 Ne4 9. c4 O-O 10. Nc3 Nxc3 11. Bxc3 a5 12. a3 b6 13. Qc2 h6 14. c5 bxc5 15. dxc5 Bxc5 16. Bd2 Nd4 17. Qxc5 Nxb3 18. Qc6 Bd7 19. Qc3 Nxa1 20. Rxa1 f6 21. Bc2 Rc8 22. Qd3 f5 23. Re1 Qf6 24. Ne5 Bb5 25. Qxb5 Rxc2 26. Qxa5 Rfc8 27. h3 Kh7 28. Qb4 Ra2 29. Bc3 Ra8 30. Bb2 Qf8 31. Qd4 Qf6 32. Qb6 Qh4 33. Qb7 R8xa3 34. Nf3 Rxb2 35. Qxb2 Rxf3 36. gxf3 Qxh3 37. Rxe6 Qxf3 38. Qe2 Qf4 39. Qh5 Qg4+ 40. Qxg4 fxg4 41. Rd6 h5 42. Kg2 1-0

[Event "CAN-op"]
[Site "Ottawa CAN"]
[Date "2013.07.14"]
[Round "2"]
[White "Valdizon, Armando"]
[Black "Rozentalis, Eduardas"]
[Result "1/2-1/2"]
[WhiteElo "2117"]
[BlackElo "2619"]
[PlyCount "63"]
[GameId "2160767909313635"]
[EventDate "2013.07.13"]
[EventType "swiss"]
[EventRounds "9"]
[EventCountry "CAN"]
[SourceTitle "CBM 155 Extra"]
[Source "ChessBase"]
[SourceDate "2013.08.26"]
[SourceVersion "1"]
[SourceVersionDate "2013.08.26"]
[SourceQuality "1"]

1. d4 Nf6 2. c4 e6 3. Nc3 Bb4 4. Qc2 O-O 5. a3 Bxc3+ 6. Qxc3 b6 7. Bg5 Ba6 8. Nf3 d6 9. e3 Nbd7 10. b4 c5 11. dxc5 bxc5 12. b5 Bb7 13. Be2 h6 14. Bxf6 Nxf6 15. O-O Ne4 16. Qb2 f5 17. Nd2 Nxd2 18. Qxd2 Qg5 19. g3 Rfd8 20. Qc3 Qe7 21. Rfd1 Rac8 22. a4 Qc7 23. Ra2 a5 24. Bf1 Bf3 25. Rb1 Qb6 26. Bg2 Bxg2 27. Kxg2 d5 28. cxd5 Rxd5 29. Rd2 Rxd2 30. Qxd2 Rd8 31. Qc2 Kh7 32. Rc1 1/2-1/2

[Event "CAN-op"]
[Site "Ottawa CAN"]
[Date "2013.07.14"]
[Round "2"]
[White "Wu, Ruining (Ray)"]
[Black "Vera, Reynaldo"]
[Result "0-1"]
[WhiteElo "2044"]
[BlackElo "2462"]
[PlyCount "86"]
[GameId "2160767909313637"]
[EventDate "2013.07.13"]
[EventType "swiss"]
[EventRounds "9"]
[EventCountry "CAN"]
[SourceTitle "CBM 155 Extra"]
[Source "ChessBase"]
[SourceDate "2013.08.26"]
[SourceVersion "1"]
[SourceVersionDate "2013.08.26"]
[SourceQuality "1"]

1. d4 Nf6 2. c4 e6 3. g3 d5 4. Bg2 a6 5. Nf3 dxc4 6. O-O Nc6 7. a4 Rb8 8. a5 Bb4 9. Bd2 Bxd2 10. Qxd2 b5 11. axb6 cxb6 12. Qc3 b5 13. b3 Nd5 14. Qc1 Na5 15. bxc4 Nxc4 16. e4 Ne7 17. Nc3 O-O 18. Na4 bxa4 19. Qxc4 Bd7 20. Rfc1 Bb5 21. Qa2 Qd6 22. Rd1 Rfd8 23. Ne5 Rbc8 24. Bh3 Rc3 25. Bf1 Nc6 26. Nxc6 Qxc6 27. d5 exd5 28. exd5 Qc5 29. Qd2 h6 30. Ra2 a3 31. Raa1 Bxf1 32. Kxf1 Rc2 33. Qd4 Rxd5 34. Qxc5 Rxd1+ 35. Rxd1 Rxc5 36. Ra1 Rc3 37. Ke2 g5 38. h3 Kg7 39. Kd2 Rf3 40. Ke2 Rb3 41. Kd2 Kf6 42. Kc2 Rf3 43. Kd2 a2 0-1

[Event "CAN-op"]
[Site "Ottawa CAN"]
[Date "2013.07.14"]
[Round "3"]
[White "Donev, Danail"]
[Black "Rozentalis, Eduardas"]
[Result "0-1"]
[WhiteElo "1945"]
[BlackElo "2619"]
[PlyCount "54"]
[GameId "2160767909313639"]
[EventDate "2013.07.13"]
[EventType "swiss"]
[EventRounds "9"]
[EventCountry "CAN"]
[SourceTitle "CBM 155 Extra"]
[Source "ChessBase"]
[SourceDate "2013.08.26"]
[SourceVersion "1"]
[SourceVersionDate "2013.08.26"]
[SourceQuality "1"]

1. e4 e6 2. d4 d5 3. Nc3 Bb4 4. Nge2 Nc6 5. a3 Ba5 6. b4 Bb6 7. e5 f6 8. exf6 Nxf6 9. Na4 O-O 10. Nxb6 axb6 11. Ng3 Nxb4 12. Bg5 Nc6 13. Nh5 e5 14. dxe5 Nxe5 15. Nxf6+ gxf6 16. Bh6 Re8 17. Be2 Ng4 18. Bf4 Ra4 19. Be3 Qd6 20. h3 Nxe3 21. fxe3 Qg3+ 22. Kf1 Rxe3 23. Qxd5+ Be6 24. Qd8+ Kg7 25. Bh5 Rf4+ 26. Kg1 Qf2+ 27. Kh2 Rxh3# 0-1

[Event "CAN-op"]
[Site "Ottawa CAN"]
[Date "2013.07.14"]
[Round "3"]
[White "Fu, James"]
[Black "Cheng, Bindi"]
[Result "1-0"]
[WhiteElo "2042"]
[BlackElo "2406"]
[PlyCount "93"]
[GameId "2160767909313641"]
[EventDate "2013.07.13"]
[EventType "swiss"]
[EventRounds "9"]
[EventCountry "CAN"]
[SourceTitle "CBM 155 Extra"]
[Source "ChessBase"]
[SourceDate "2013.08.26"]
[SourceVersion "1"]
[SourceVersionDate "2013.08.26"]
[SourceQuality "1"]

1. e4 c5 2. Nf3 g6 3. g3 Bg7 4. Bg2 Nc6 5. O-O Nf6 6. Nc3 O-O 7. Re1 d6 8. d3 Bg4 9. h3 Bxf3 10. Bxf3 Rb8 11. Bg2 Nd7 12. Nd5 e6 13. Ne3 b5 14. a4 b4 15. Nc4 Nb6 16. Nxb6 Qxb6 17. Rb1 b3 18. c3 Qa5 19. Bf4 e5 20. Be3 Qxa4 21. Ra1 Qb5 22. Ra3 a5 23. Bf1 Qb6 24. Qg4 Kh8 25. Be2 f5 26. exf5 gxf5 27. Qh4 f4 28. gxf4 exf4 29. Bxf4 Nb4 30. d4 Rbe8 31. Bd2 Rg8 32. Kh2 Qc6 33. f3 cxd4 34. Rxa5 d3 35. Rh5 Be5+ 36. Kh1 Rg7 37. Bd1 Nc2 38. Re4 Rf7 39. Rh6 Qa8 40. Qh5 Ree7 41. Rg6 Qa1 42. Reg4 Bg7 43. Rg1 Ne1 44. Bxb3 Re5 45. Qg4 hxg6 46. Bxf7 Qa8 47. Rxe1 1-0

[Event "CAN-op"]
[Site "Ottawa CAN"]
[Date "2013.07.14"]
[Round "3"]
[White "Gerzhoy, Leonid"]
[Black "Rodriguez, Eric"]
[Result "1-0"]
[WhiteElo "2462"]
[BlackElo "2290"]
[PlyCount "143"]
[GameId "2160767909313642"]
[EventDate "2013.07.13"]
[EventType "swiss"]
[EventRounds "9"]
[EventCountry "CAN"]
[SourceTitle "CBM 155 Extra"]
[Source "ChessBase"]
[SourceDate "2013.08.26"]
[SourceVersion "1"]
[SourceVersionDate "2013.08.26"]
[SourceQuality "1"]

1. Nf3 d5 2. d4 Nf6 3. c4 c6 4. Nc3 dxc4 5. a4 Bf5 6. Ne5 Nbd7 7. Nxc4 Nb6 8. Ne5 a5 9. g3 e6 10. Bg2 Bb4 11. O-O O-O 12. e3 h6 13. Qe2 Bh7 14. Rd1 Nfd5 15. Bd2 Be7 16. e4 Nb4 17. Be3 Bg5 18. f4 Be7 19. Rac1 f5 20. d5 exd5 21. exd5 N6xd5 22. Nxd5 Nxd5 23. Nxc6 bxc6 24. Rxc6 Nxe3 25. Rxd8 Raxd8 26. Qxe3 Bb4 27. Bd5+ Kh8 28. Qe5 Rfe8 29. Re6 Bg6 30. Rxe8+ Rxe8 31. Qc7 Bh5 32. Bc4 Kh7 33. Bd3 Bg6 34. g4 Rf8 35. Qc2 Rf6 36. h4 h5 37. Bxf5 Bxf5 38. gxf5 Kg8 39. Kg2 Kh7 40. Kf3 Kg8 41. Ke4 Kh7 42. Qc8 Rf8 43. Qc6 Rf6 44. Qe8 Rh6 45. Kd5 Rd6+ 46. Kc4 Rh6 47. Kb5 Rf6 48. Qxh5+ Rh6 49. Qe8 Rf6 50. Qe4 Kh6 51. Kc4 Kh7 52. Kd3 Kh6 53. Ke2 Kh7 54. Kf3 Kh6 55. Kg4 Kh7 56. Kg5 Kg8 57. h5 Rh6 58. Qe8+ Kh7 59. Kg4 Rf6 60. Kf3 Rh6 61. Ke4 Rf6 62. Ke5 Bd6+ 63. Kd5 Bb4 64. Qc8 Rh6 65. Qc2 Rf6 66. h6 Kg8 67. hxg7 Kxg7 68. Qc7+ Kf8 69. Ke5 Rf7 70. Qd8+ Kg7 71. f6+ Kh7 72. Ke6 1-0

[Event "CAN-op"]
[Site "Ottawa CAN"]
[Date "2013.07.14"]
[Round "3"]
[White "Hambleton, Aman"]
[Black "Kleinman, Michael"]
[Result "1-0"]
[WhiteElo "2480"]
[BlackElo "2298"]
[PlyCount "53"]
[GameId "2160767909313643"]
[EventDate "2013.07.13"]
[EventType "swiss"]
[EventRounds "9"]
[EventCountry "CAN"]
[SourceTitle "CBM 155 Extra"]
[Source "ChessBase"]
[SourceDate "2013.08.26"]
[SourceVersion "1"]
[SourceVersionDate "2013.08.26"]
[SourceQuality "1"]

1. d4 Nf6 2. c4 g6 3. Nc3 d5 4. cxd5 Nxd5 5. Bd2 Bg7 6. e4 Nb6 7. Be3 O-O 8. h3 e5 9. d5 c6 10. Qb3 cxd5 11. exd5 e4 12. Rd1 Bd7 13. Nge2 Na6 14. Nf4 Re8 15. Be2 Rc8 16. Qa3 Nc4 17. Bxc4 Rxc4 18. O-O Qc8 19. d6 Be5 20. Ncd5 Kg7 21. Bxa7 Qc6 22. Qe3 Bxb2 23. Bd4+ Bxd4 24. Rxd4 Re5 25. Rxc4 Qxc4 26. Rc1 Qxa2 27. Qc3 1-0

[Event "CAN-op"]
[Site "Ottawa CAN"]
[Date "2013.07.14"]
[Round "3"]
[White "Moradiabadi, Elshan"]
[Black "Derraugh, Geordie"]
[Result "1/2-1/2"]
[WhiteElo "2557"]
[BlackElo "2297"]
[PlyCount "166"]
[GameId "2160767739579301"]
[EventDate "2013.07.13"]
[EventType "swiss"]
[EventRounds "9"]
[EventCountry "CAN"]

1. d4 Nf6 2. Bf4 g6 3. Nd2 d5 4. e3 Bg7 5. Ngf3 Nbd7 6. h3 O-O 7. Be2 c5 8. c3 b6 9. a4 Ne4 10. O-O a6 11. Qb3 Bb7 12. Rfd1 Nxd2 13. Nxd2 Re8 14. Bf3 e6 15. Qa3 e5 16. dxe5 Bxe5 17. Nc4 Qf6 18. Bxd5 Bxd5 19. Nxe5 Rxe5 20. Bxe5 Qxe5 21. c4 Bc6 22. Rd2 Qe4 23. f3 Qxc4 24. a5 b5 25. Rad1 b4 26. Qa1 Nf8 27. Rd6 Bb5 28. R1d2 Re8 29. e4 Ne6 30. Kh2 Nd4 31. Qe1 Qa2 32. h4 Qxa5 33. Qg3 b3 34. Qf4 Ne6 35. Qf6 Qc7 36. Qc3 Qe7 37. Kg3 Nd4 38. Qxc5 Ne2+ 39. Kh3 Nf4+ 40. Kg3 Nh5+ 41. Kh3 Qe5 42. Qxe5 Rxe5 43. R6d4 Nf4+ 44. Kh2 Rh5 45. g3 Ne6 46. Rb4 g5 47. Rd5 Rh6 48. Rxb3 gxh4 49. g4 Kg7 50. Rc3 Rf6 51. Rf5 Rxf5 52. gxf5 Ng5 53. e5 Bd7 54. f4 Ne4 55. e6 Bb5 56. Rc7 Nd6 57. exf7 Nxf7 58. Kh3 Kf6 59. Kxh4 Bd3 60. Kg3 h6 61. Rb7 Bb5 62. Kg4 Be2+ 63. Kg3 h5 64. Kh4 Bf3 65. Rb6+ Kxf5 66. Rxa6 Nd8 67. Kg3 Be2 68. Ra5+ Kf6 69. Re5 Bg4 70. Rd5 Ne6 71. b4 Be2 72. b5 h4+ 73. Kxh4 Bc4 74. Rh5 Nxf4 75. b6 Ng6+ 76. Kg4 Ba6 77. Ra5 Bb7 78. Ra7 Be4 79. Rc7 Ne7 80. Kf4 Bh1 81. b7 Ng6+ 82. Ke3 Bxb7 83. Rxb7 Ne7 {... DRAW on move 125.} 1/2-1/2

[Event "CAN-op"]
[Site "Ottawa CAN"]
[Date "2013.07.14"]
[Round "3"]
[White "Perelshteyn, Eugene"]
[Black "Valdizon, Armando"]
[Result "1/2-1/2"]
[WhiteElo "2513"]
[BlackElo "2117"]
[PlyCount "49"]
[GameId "2160767909313645"]
[EventDate "2013.07.13"]
[EventType "swiss"]
[EventRounds "9"]
[EventCountry "CAN"]
[SourceTitle "CBM 155 Extra"]
[Source "ChessBase"]
[SourceDate "2013.08.26"]
[SourceVersion "1"]
[SourceVersionDate "2013.08.26"]
[SourceQuality "1"]

1. d4 d5 2. c4 e6 3. Nc3 f5 4. g3 Nf6 5. Bg2 c6 6. Nh3 Bd6 7. O-O O-O 8. Bf4 b6 9. Qc2 Ba6 10. b3 Qe7 11. Rfe1 h6 12. f3 e5 13. dxe5 Bxe5 14. Bxe5 Qxe5 15. e4 fxe4 16. Rad1 Nbd7 17. Nf4 Rfe8 18. fxe4 dxc4 19. b4 Nf8 20. a4 g5 21. Nfe2 Rad8 22. Qb1 Rd3 23. Bh3 Rxc3 24. Nxc3 Qxc3 25. b5 1/2-1/2

[Event "CAN-op"]
[Site "Ottawa CAN"]
[Date "2013.07.14"]
[Round "3"]
[White "Perez Garcia, Rodney Oscar"]
[Black "Bruzon Batista, Lazaro"]
[Result "1/2-1/2"]
[WhiteElo "2364"]
[BlackElo "2689"]
[PlyCount "60"]
[GameId "2160767909313646"]
[EventDate "2013.07.13"]
[EventType "swiss"]
[EventRounds "9"]
[EventCountry "CAN"]
[SourceTitle "CBM 155 Extra"]
[Source "ChessBase"]
[SourceDate "2013.08.26"]
[SourceVersion "1"]
[SourceVersionDate "2013.08.26"]
[SourceQuality "1"]

1. e4 c6 2. d4 d5 3. Nc3 dxe4 4. Nxe4 Nf6 5. Nxf6+ gxf6 6. Nf3 Bg4 7. Be2 e6 8. c4 Bb4+ 9. Bd2 Qa5 10. a3 Bxd2+ 11. Qxd2 Qxd2+ 12. Kxd2 Nd7 13. Rhe1 O-O-O 14. Kc3 Rhg8 15. g3 h5 16. Rad1 f5 17. Ne5 Nxe5 18. dxe5 Bxe2 19. Rxd8+ Rxd8 20. Rxe2 Rd1 21. h4 Kc7 22. f4 Rc1+ 23. Kb3 a5 24. Rd2 Rg1 25. Rd3 b6 26. a4 Rc1 27. Rc3 Rd1 28. Kc2 Ra1 29. Ra3 Rxa3 30. bxa3 c5 1/2-1/2

[Event "CAN-op"]
[Site "Ottawa CAN"]
[Date "2013.07.14"]
[Round "3"]
[White "Perez Garcia, Rodney Oscar"]
[Black "Sambuev, Bator"]
[Result "1/2-1/2"]
[WhiteElo "2364"]
[BlackElo "2530"]
[PlyCount "89"]
[GameId "2160767909313647"]
[EventDate "2013.07.13"]
[EventType "swiss"]
[EventRounds "9"]
[EventCountry "CAN"]
[SourceTitle "CBM 155 Extra"]
[Source "ChessBase"]
[SourceDate "2013.08.26"]
[SourceVersion "1"]
[SourceVersionDate "2013.08.26"]
[SourceQuality "1"]

1. Nf3 d5 2. d4 e6 3. c4 c5 4. cxd5 exd5 5. g3 Nc6 6. Bg2 Nf6 7. O-O Be7 8. Nc3 O-O 9. dxc5 Bxc5 10. Na4 Be7 11. Be3 Bf5 12. Rc1 Re8 13. Nd4 Nxd4 14. Bxd4 Ne4 15. Nc3 Qd7 16. Re1 Bg5 17. e3 b6 18. Qa4 Qxa4 19. Nxa4 Rac8 20. Nc3 Nxc3 21. Rxc3 Rxc3 22. Bxc3 Be4 23. Rd1 Rd8 24. Kf1 Bxg2+ 25. Kxg2 f5 26. Bd4 Rc8 27. Bc3 Rd8 28. Kf3 Kf7 29. h4 Be7 30. a3 h5 31. Be5 Rc8 32. Bc3 Rd8 33. Kf4 g6 34. Be5 Rc8 35. Rxd5 Rc2 36. f3 Ke6 37. Rb5 Rc4+ 38. e4 Bf8 39. Ke3 fxe4 40. fxe4 a6 41. Rd5 Rc2 42. Bd4 Bh6+ 43. Kf3 Bc1 44. Bxb6 Rxb2 45. Bd4 1/2-1/2

[Event "CAN-op"]
[Site "Ottawa CAN"]
[Date "2013.07.14"]
[Round "3"]
[White "Petty, David A"]
[Black "Gerzhoy, Leonid"]
[Result "0-1"]
[WhiteElo "2108"]
[BlackElo "2462"]
[PlyCount "52"]
[GameId "2160767909313648"]
[EventDate "2013.07.13"]
[EventType "swiss"]
[EventRounds "9"]
[EventCountry "CAN"]
[SourceTitle "CBM 155 Extra"]
[Source "ChessBase"]
[SourceDate "2013.08.26"]
[SourceVersion "1"]
[SourceVersionDate "2013.08.26"]
[SourceQuality "1"]

1. e4 e5 2. Nf3 d6 3. d4 Nf6 4. Nc3 Nbd7 5. Bc4 Be7 6. O-O O-O 7. h3 c6 8. a4 b6 9. dxe5 dxe5 10. Qe2 Bb7 11. Rd1 Qc7 12. Ne1 a6 13. Nd3 b5 14. Ba2 Rfe8 15. Bg5 Nf8 16. Rd2 Ng6 17. Re1 Rad8 18. Qd1 b4 19. Nb1 c5 20. Bxf6 Bxf6 21. Bc4 Rd4 22. b3 Bxe4 23. Bxa6 Bxg2 24. f4 Bc6 25. Nxc5 Rxd2 26. Nxd2 Qb6 0-1

[Event "CAN-op"]
[Site "Ottawa CAN"]
[Date "2013.07.14"]
[Round "3"]
[White "Plotkin, Victor"]
[Black "Arencibia Rodriguez, Walter"]
[Result "0-1"]
[WhiteElo "2228"]
[BlackElo "2526"]
[PlyCount "104"]
[GameId "2160767909313649"]
[EventDate "2013.07.13"]
[EventType "swiss"]
[EventRounds "9"]
[EventCountry "CAN"]
[SourceTitle "CBM 155 Extra"]
[Source "ChessBase"]
[SourceDate "2013.08.26"]
[SourceVersion "1"]
[SourceVersionDate "2013.08.26"]
[SourceQuality "1"]

1. e4 Nf6 2. Nc3 e5 3. Nf3 Nc6 4. d4 exd4 5. Nxd4 Bb4 6. Nxc6 bxc6 7. Bd3 d5 8. exd5 cxd5 9. Qe2+ Be7 10. O-O O-O 11. Bf4 Bg4 12. Qd2 c5 13. h3 Be6 14. Rad1 Qb6 15. b3 Rad8 16. Na4 Qc6 17. Qa5 c4 18. Be2 Bf5 19. Qxa7 Rfe8 20. Bf3 Bxc2 21. Rde1 Ne4 22. Bxe4 dxe4 23. Re3 Bd3 24. Rc1 Ba3 25. Rd1 Qf6 26. Bg3 Ra8 27. Qb6 Qe7 28. Qc7 f5 29. Qxe7 Bxe7 30. Nb6 Rxa2 31. Nxc4 Bxc4 32. bxc4 Bc5 33. Rb3 f4 34. Bh4 g5 35. Rb5 Re5 36. Rd5 Rxd5 37. cxd5 e3 38. fxe3 Bxe3+ 39. Kf1 gxh4 40. d6 Rd2 41. Rh5 Rxd6 42. Rxh4 Kg7 43. Rh5 Rd1+ 44. Ke2 Rd2+ 45. Kf1 Rf2+ 46. Kg1 h6 47. Re5 Kf6 48. Re8 h5 49. Rf8+ Kg5 50. Rg8+ Kh4 51. Re8 Rf3+ 52. Kh2 Rf1 0-1

[Event "CAN-op"]
[Site "Ottawa CAN"]
[Date "2013.07.14"]
[Round "3"]
[White "Short, Nigel"]
[Black "Calugar, Arthur"]
[Result "1-0"]
[WhiteElo "2688"]
[BlackElo "2282"]
[PlyCount "85"]
[GameId "2160767909313650"]
[EventDate "2013.07.13"]
[EventType "swiss"]
[EventRounds "9"]
[EventCountry "CAN"]
[SourceTitle "CBM 155 Extra"]
[Source "ChessBase"]
[SourceDate "2013.08.26"]
[SourceVersion "1"]
[SourceVersionDate "2013.08.26"]
[SourceQuality "1"]

1. e4 c5 2. Nf3 Nc6 3. b3 d6 4. Bb2 Nf6 5. Nc3 g6 6. Bb5 e5 7. Bxc6+ bxc6 8. d3 Bg7 9. O-O O-O 10. Kh1 Nh5 11. Ng1 Nf4 12. Nce2 Ne6 13. f4 Nd4 14. h3 f5 15. fxe5 Bxe5 16. Nxd4 cxd4 17. exf5 Bxf5 18. Nf3 c5 19. Nxe5 dxe5 20. Qf3 Qd6 21. Qg3 Qd5 22. Rae1 e4 23. c4 Qc6 24. dxe4 Bxe4 25. Rxf8+ Rxf8 26. Kg1 Re8 27. Ba3 a6 28. Kh2 Kg7 29. Qf4 Kg8 30. Re2 Kg7 31. Bc1 Kg8 32. Qg3 Bf5 33. Rf2 Qd7 34. Bh6 Qe6 35. Qc7 Qd7 36. Qxc5 Rc8 37. Qe5 Re8 38. Qf4 d3 39. g4 Re2 40. gxf5 d2 41. Rxe2 d1=Q 42. Qb8+ Qd8 43. Re8+ 1-0

[Event "CAN-op"]
[Site "Ottawa CAN"]
[Date "2013.07.14"]
[Round "3"]
[White "Sokolov, Ivan"]
[Black "Sapozhnikov, Roman"]
[Result "1-0"]
[WhiteElo "2650"]
[BlackElo "2272"]
[PlyCount "77"]
[GameId "2160767909313651"]
[EventDate "2013.07.13"]
[EventType "swiss"]
[EventRounds "9"]
[EventCountry "CAN"]
[SourceTitle "CBM 155 Extra"]
[Source "ChessBase"]
[SourceDate "2013.08.26"]
[SourceVersion "1"]
[SourceVersionDate "2013.08.26"]
[SourceQuality "1"]

1. d4 Nf6 2. c4 c5 3. d5 d6 4. Nc3 g6 5. e4 Bg7 6. h3 O-O 7. Bd3 e6 8. Nge2 exd5 9. exd5 Nbd7 10. f4 Ne8 11. O-O f5 12. Be3 Nc7 13. Kh2 Nf6 14. a3 a5 15. Bf2 Bd7 16. Kh1 Be8 17. Bh4 Qb8 18. a4 Na6 19. Ra3 Nb4 20. Bb1 Bd7 21. Ng1 Qc7 22. Nf3 Rae8 23. Qc1 Bh6 24. Ng5 Bxg5 25. Bxg5 Qd8 26. Nb5 Bxb5 27. axb5 Qc7 28. Re1 Ne4 29. Rae3 Qd7 30. Bh6 Rf7 31. Bxe4 fxe4 32. Rxe4 Rfe7 33. Rxe7 Rxe7 34. Qc3 Rxe1+ 35. Qxe1 b6 36. Qh4 Kf7 37. Bg5 h5 38. Bd8 Ke8 39. Bxb6 1-0

[Event "CAN-op"]
[Site "Ottawa CAN"]
[Date "2013.07.14"]
[Round "3"]
[White "Vera, Reynaldo"]
[Black "Sohal, Tanraj"]
[Result "1-0"]
[WhiteElo "2462"]
[BlackElo "2139"]
[PlyCount "79"]
[GameId "2160767909313653"]
[EventDate "2013.07.13"]
[EventType "swiss"]
[EventRounds "9"]
[EventCountry "CAN"]
[SourceTitle "CBM 155 Extra"]
[Source "ChessBase"]
[SourceDate "2013.08.26"]
[SourceVersion "1"]
[SourceVersionDate "2013.08.26"]
[SourceQuality "1"]

1. d4 d5 2. c4 e6 3. Nf3 c6 4. Qc2 Nf6 5. g3 Nbd7 6. Bg2 Bd6 7. O-O O-O 8. Nbd2 b6 9. e4 Be7 10. Re1 Bb7 11. e5 Ne8 12. cxd5 cxd5 13. Bf1 Qc8 14. Qa4 Nc7 15. Bd3 Ba6 16. Bb1 g6 17. Nf1 Bxf1 18. Rxf1 b5 19. Qd1 a5 20. Bh6 Re8 21. h4 Bf8 22. Qd2 Bg7 23. h5 Re7 24. Bg5 Re8 25. Kg2 Nf8 26. Rh1 Qd7 27. Bd3 Rec8 28. Rh4 Ne8 29. Rah1 Ra7 30. Qf4 b4 31. Nh2 Rcc7 32. Ng4 Rab7 33. Bf6 Bxf6 34. exf6 Qd6 35. Qg5 Rd7 36. hxg6 fxg6 37. Bxg6 Nxg6 38. Qxg6+ hxg6 39. Rh8+ Kf7 40. R1h7+ 1-0

[Event "CAN-op"]
[Site "Ottawa CAN"]
[Date "2013.07.14"]
[Round "3"]
[White "Villavieja, Butch"]
[Black "Chirila, Ioan Christian"]
[Result "0-1"]
[WhiteElo "2275"]
[BlackElo "2519"]
[PlyCount "104"]
[GameId "2160767909313654"]
[EventDate "2013.07.13"]
[EventType "swiss"]
[EventRounds "9"]
[EventCountry "CAN"]

1. e4 e5 2. Nf3 Nc6 3. Bc4 Nf6 4. Ng5 d5 5. exd5 Na5 6. Bb5+ c6 7. dxc6 bxc6 8. Be2 h6 9. Nf3 e4 10. Ne5 Bd6 11. d4 exd3 12. Nxd3 Qc7 13. b3 O-O 14. h3 c5 15. O-O c4 16. bxc4 Nxc4 17. Nc3 Rb8 18. a4 a6 19. Rb1 Qa5 20. Rb3 Rd8 21. Qe1 Bf5 22. Nd1 Qxa4 23. N1b2 Nxb2 24. Nxb2 Qc6 25. Rxb8 Bxb8 26. Qa5 Qd6 27. Bf4 Qd5 28. Qxd5 Nxd5 29. Bxb8 Rxb8 30. Bd3 Bxh3 31. Na4 Bc8 32. Nc5 Nb4 33. Rb1 a5 34. c3 Nc6 35. Re1 Kf8 36. Bc4 Bf5 37. Bd3 Bc8 38. Bc4 Rb2 39. Ne4 Bf5 40. Nd6 Rb1 41. Kf1 Ne5 42. Rxb1 Bxb1 43. Bb3 Bd3+ 44. Ke1 Ke7 45. Nb7 Be4 46. Nxa5 Bxg2 47. Ke2 Bf3+ 48. Ke3 h5 49. Ba4 h4 50. Nc4 h3 51. Nxe5 h2 52. Nc6+ Kd6 0-1